000 00283nam a2200133Ia 4500
100 _aZemansky/M.W/ Dittman.
942 _cBK
654 _aHeat
245 _aHeat and Therodtynamics
260 _bMcGraw Hill
_aAuckland
_c1984
082 _a536
300 _a543
546 _aENGLISH
999 _c19520
_d19520